000 00342 a2200157 4500
001 57845
020 _a
040 _cAnchieta - Pituba
100 _aChuchill, Winston S.
240 1 0 _aSangue, suor e lágrimas
_lpor
245 1 0 _aSangue, suor e lágrimas
300 _a252
362 0 _a1971
650 4 _aFicção inglesa
942 _cBK
999 _c57845
_d57845